| 000 | 01022cam a2200277 4500 | ||
|---|---|---|---|
| 008 | 030314n2003 000 0 eng u | ||
| 020 | _a0117536407 | ||
| 035 | _a(Sirsi) u121625 | ||
| 050 |
_a352 _c18 |
||
| 110 |
_aUnited Kingdom _bOffice of the Deputy Prime Minister |
||
| 245 | _aLocal Government Act 1999 Part I : best value and performance improvement | ||
| 260 |
_bODPM _c2003 |
||
| 350 | _a8.25 | ||
| 490 |
_aODPM Circular _v03/2003 |
||
| 520 | _aDated 13 March 2003. Supersedes DETR Circulars 10/1999 (ISBN 0117535311) and 02/2001 (ISBN 011753577X). View at www.local-regions.odpm.gov.uk. | ||
| 650 | _aBEST VALUE | ||
| 650 | _aDETR CIRCULAR 10/1999 | ||
| 650 | _aDETR CIRCULAR 02/2001 | ||
| 650 | _aLOCAL AUTHORITIES | ||
| 650 | _aLOCAL GOVERNMENT ACT 1999 PART I | ||
| 650 | _aPERFORMANCE MEASUREMENT | ||
| 650 | _aODPM CIRCULAR 03/2003 | ||
| 690 | _aLOCAL GOVERNMENT | ||
| 856 |
_uhttps://www.communities.gov.uk/index.asp?id=1163718 _vView the Circular on the ODPM website... |
||
| 942 | _n0 | ||
| 999 |
_c102680 _d102680 |
||